LEADER 01211nam0-22003971i-450- 001 990003755210403321 005 20111025114225.0 010 $a88-15-06822-8 035 $a000375521 035 $aFED01000375521 035 $a(Aleph)000375521FED01 035 $a000375521 100 $a20030910d1999----km-y0itay50------ba 101 1 $aita$ceng 102 $aIT 105 $ay-------001yy 200 1 $a<>Oriente in Occidente$euna riscoperta delle civiltą orientali$fJack Goody$gtraduzione di di Asher Colombo 210 $aBologna$cil Mulino$d©1999 215 $a420 p.$d21 cm 225 1 $aSaggi$v489 320 $aContiene riferimenti bibl. (pp. 379-420) 454 0$12001$a<>East in the West$928962 610 0 $aAsia$aOrganizzazione sociale$aAspetti socioantropologici 676 $a306.095 700 1$aGoody,$bJack$f<1919- >$0136697 801 0$aIT$bUNINA$c20050131$gRICA$2UNIMARC 901 $aBK 912 $a990003755210403321 952 $a306.095 GOO 1$b7364$fBFS 952 $a306.09 GOO 1$bBibl.50338$fFLFBC 952 $aSE 112.06.23-$b1577D$fDECSE 959 $aFLFBC 959 $aBFS 959 $aDECSE 996 $aEast in the West$928962 997 $aUNINA LEADER 01343nam 2200409 450 001 9910790797903321 005 20230803022307.0 010 $a1-942585-55-1 010 $a1-4619-4360-4 035 $a(CKB)2550000001150406 035 $a(MiAaPQ)EBC6708547 035 $a(Au-PeEL)EBL6708547 035 $a(EXLCZ)992550000001150406 100 $a20220603d2013 uy 0 101 0 $aeng 135 $aurcnu|||||||| 181 $ctxt$2rdacontent 182 $cc$2rdamedia 183 $acr$2rdacarrier 200 00$aTransnational identities of women writers in the Austro-Hungarian Empire /$feditor Ramona Mihaila 210 1$aNew York :$cAddleton Academic Publishers,$d[2013] 210 4$d©2013 215 $a1 online resource (278 pages) 311 $a1-935494-57-0 606 $aAustrian literature$xWomen authors$xHistory and criticism 606 $aWomen and literature$zAustria$xHistory$y19th century 615 0$aAustrian literature$xWomen authors$xHistory and criticism. 615 0$aWomen and literature$xHistory 676 $a830.9928709436 702 $aMiha?ila?$b Ramona 801 0$bMiAaPQ 801 1$bMiAaPQ 801 2$bMiAaPQ 906 $aBOOK 912 $a9910790797903321 996 $aTransnational identities of women writers in the Austro-Hungarian Empire$93779280 997 $aUNINA